000 00408nam a2200169Ia 4500
008 230524s9999 xx 000 0 und d
020 _a9788181289155
082 _a621.382
_bRIS
100 _aRay Rischpater
245 0 _aWireless Web Development
250 _aIST
260 _aNEW DELHI
_bSpringer
_c2008
300 _aXI;333
500 _aQuantity Number: 14
650 _aElectronics
942 _cBK
999 _c41660
_d41660